00423nam a2200109Ia 4500008004100000245013600041260002800177260000900205650001800214650001500232856006600247170221s9999 xx 000 0 und d aPredicting Social Networking Site Use and Online Communication Practices among Adolescents: The Role of Access and Device Ownership bMedia and Communication c2016 xCommunication xMedia Arts uhttp://www.librelloph.com/mediaandcommunication/issue/current